000 00644nam a2200229 a 4500
001 69471
003 BD-RjUL
005 20211209081907.0
008 170412s1964 nyua b 001 0 eng d
035 _a(BD-RjUL)69683
040 _aDLC/ICU
_cICU
_dBD-RjUL
_beng
041 _aeng
082 0 0 _a515
_223
_bHAC 1964
100 1 _aHayes, Charles A.
_9205783
245 1 0 _aConcepts of real analysis /
_c[by] Charles A. Hayes,
260 _aNew York :
_bJohn Wiley,
_cc1964.
300 _avii, 190 p. :
_bill. ;
_c24 cm.
504 _aBibliography & Index.
650 0 _aMathematical analysis.
_9205784
942 _2ddc
_cBK
999 _c69471
_d69471